Every Song by Beartooth - Statistics

General Stats
  • This quiz has been taken 24 times
  • The average score is 29 of 70
Answer Stats
Album Song % Correct
Aggressive(2016) Hated
78%
Below(2021) Skin
78%
Aggressive(2016) Aggressive
72%
Below(2021) Below
72%
Disease(2018) Disease
72%
Disgusting(2014) In Between
72%
The Surface(2023) Sunshine!
72%
The Surface(2023) The Surface
72%
Disgusting(2014) Beaten in Lips
67%
The Surface(2023) Riptide
67%
Disgusting(2014) The Lines
67%
Disgusting(2014) Body Bag
61%
The Surface(2023) I Was Alive
61%
The Surface(2023) Doubt Me
56%
The Surface(2023) Might Love Myself
56%
Disgusting(2014) Sick and Disgusting
56%
Aggressive(2016) Loser
50%
Sick(2013) Pick Your Poison
50%
Aggressive(2016) Sick of Me
50%
The Surface(2023) The Better Me
50%
Below(2021) The Past Is Dead
50%
Disease(2018) Afterall
44%
Disease(2018) Bad Listener
44%
Aggressive(2016) Fair Weather Friend
44%
Disgusting(Bonus)(2014) Finish Line
44%
Disgusting(2014) I Have a Problem
44%
Disgusting(2014) Keep Your American Dream
44%
Aggressive(2016) King of Anything
44%
The Surface(2023) Look the Other Way
44%
Below(2021) The Last Riff
44%
Disease(2018) Clever
39%
Disgusting(2014) Dead
39%
Sick(2013) Go Be the Voice
39%
Aggressive(2016) However You Want It Said
39%
Disgusting(2014) Me in My Own Head
39%
Disgusting(2014) One More
39%
Below(Bonus)(2022) Permanently Sealed
39%
Disgusting(2014) Relapsing
39%
Aggressive(2016) Rock Is Dead
39%
The Surface(2023) What's Killing You
39%
Disease(2018) You Never Know
39%
Aggressive(2016) Censored
33%
Below(2021) Devastation
33%
Below(Bonus)(2022) Fighting Back
33%
Aggressive(2016) Find a Way
33%
Disease(2018) Fire
33%
Disease(2018) Manipulation
33%
Sick(2013) Set Me on Fire
33%
The Surface(2023) What Are You Waiting For
33%
Aggressive(2016) Always Dead
28%
Aggressive(2016) Burnout
28%
Below(2021) Dominate
28%
Disease(2018) Enemy
28%
Below(2021) Fed Up
28%
Disease(2018) Greatness or Death
28%
Disease(2018) Infection
28%
The Surface(2023) My New Reality
28%
Below(2021) Phantom Pain
28%
Disease(Bonus)(2018) Young
28%
Disease(2018) Believe
22%
Disgusting(Bonus)(2014) Give It Up
22%
Disgusting(2014) Ignorance Is Bliss
22%
Below(2021) I Won't Give It Up
22%
Below(2021) No Return
22%
Below(2021) The Answer
22%
Disease(Bonus)(2018) Threat to Society
22%
Below(2021) Hell of It
17%
Disease(Bonus)(2018) Messed Up
17%
Disease(Bonus)(2018) Takeover
17%
Disease(2018) Used and Abused
17%
No matching quizzes found
Score Distribution
Percent of People with Each Score
Percentile by Number Answered
Your Score History
You have not taken this quiz